Entry Nombre personal
001 - NÚMERO DE CONTROL
- campo de control: 111229
003 - IDENTIFICADOR DE NÚMERO DE CONTROL
- campo de control: SpMaBN
005 - FECHA Y HORA DE LA ÚLTIMA TRANSACCIÓN
- campo de control: 20250718030729.0
008 - ELEMENTOS DE DATO DE LONGITUD-FIJA
- campo de control de longitud fija: 901120nn aijnnaabn a aaa
016 ## - NÚMERO DE CONTROL DE UNA AGENCIA BIBLIOGRÁFICA NACIONAL
- Número de control del registro: BNE19900364081
024 7# - IDENTIFICADOR DE OTROS ESTÁNDARES
- Número estándar o código: http://viaf.org/viaf/114881639/
- Fuente: viaf
024 7# - IDENTIFICADOR DE OTROS ESTÁNDARES
- Número estándar o código: https://isni.org/isni/0000000084119359
- Fuente: isni
024 7# - IDENTIFICADOR DE OTROS ESTÁNDARES
- Número estándar o código: http://www.wikidata.org/entity/Q16605646
- Fuente: wikidata
040 ## - FUENTE DE CATALOGACIÓN
- Centro catalogador/agencia de origen: SpMaBN
- Lengua de catalogación: spa
- Centro/agencia transcriptor: SpMaBN
- Normas de descripción: rdc
- Convención/Normas de encabezamiento de materia/tesauro: embne
046 ## - FECHAS CON CODIFICACIÓN ESPECIAL
- Fecha de nacimiento: 1945
100 1# - ENCABEZAMIENTO-NOMBRE DE PERSONA
- Nombre de persona: Trapero, Maximiano,
- Fechas asociadas al nombre: 1945-
370 ## - LUGAR ASOCIADO
- Lugar de nacimiento: Gusendos de los Oteros, León, España
- Fuente de información: (Wikidata)
374 ## - OCUPACIÓN
- Ocupación: Escritores
- Fuente de información: Wikidata
375 ## - GÉNERO/SEXO
- Género: Masculino
377 ## - IDIOMA ASOCIADO
- Término de lengua/lenguaje: Español
400 1# - TRAZADO DE VÉASE--NOMBRE DE PERSONA
- Nombre de persona: Trapero Trapero, Maximiano,
- Fechas asociadas al nombre: 1945-
670 ## - FUENTE DE DATOS ENCONTRADOS
- Cita de la fuente: Romancero de la isla de La Gomera, 1987
- Información encontrada: (recogido y editado por Maximiano Trapero)
670 ## - FUENTE DE DATOS ENCONTRADOS
- Cita de la fuente: Pervivencia del antiguo teatro medieval castellano, D.L., 1989
- Información encontrada: port. (Maximiano Trapero Trapero)
670 ## - FUENTE DE DATOS ENCONTRADOS
- Cita de la fuente: Romancero tradicional y general de cuba, 2002
- Información encontrada: port. (Maximiano Trapero) sobrecub. (n. 1945, en León, filólogo)
